000 01402nam a22003737a 4500
003 CHAP
005 20220329134919.0
008 971013s1978 r 00010 d
010 _a27979
011 _a28951
035 _a33062
040 _cCHAP
082 _a636.0824
_bM2Y 1975
100 0 0 _aMcDonald, Leslie E,.
_973476
245 _aReproducción y endocrinología veterinarias
260 _aMéxico, D.F. :
_bInteramericana,
_c1978
300 _a466 p.
_b: ilus
500 _aTrad. de la 2 ed. en inglés de 1975
590 _aBATCH-UPD
_b10
_c20130109
_lUCH01
_h2357
590 _aBATCH-UPD
_b10
_c20130110
_lUCH01
_h1129
590 _aBATCH-UPD
_b10
_c20130409
_lUCH01
_h1930
590 _aBATCH-UPD
_b10
_c20130410
_lUCH01
_h0718
590 _aBATCH-UPD
_b10
_c20130914
_lUCH01
_h1305
590 _aCONVERSION
_b10
_c20130109
_lUCH01
_h1316
650 1 4 _aEndocrinología.
_936871
650 1 4 _aReproducción animal.
_996028
650 1 4 _aVeterinaria.
_9118987
901 _aBK
942 _cLIBRO
949 _a636.0824 M2Y 1975
_bBC
_cLIBRO
_d33724000270757
_eLIBRO
_fc.4
_h65294
_i33062
_si
_t98.00
949 _a636.0824 M2Y 1975
_bBC
_cLIBRO
_d33724000904736
_eLIBRO
_gI.125225
_h64042
_i33062
_si
_t7.50
949 _a636.0824 M2Y 1975
_bBC
_cLIBRO
_d33724000921508
_eLIBRO
_fc.2
_gI.125226
_h64043
_i33062
_si
_t7.50
949 _a636.0824 M2Y 1975
_bBC
_cLIBRO
_d33724002014132
_eLIBRO
_fc.3
_h65293
_i33062
_si
_t7.50
999 _c27979
_d27979